| 000 | 01142nam a22003257a 4500 | ||
|---|---|---|---|
| 003 | CHAP | ||
| 005 | 20220329143910.0 | ||
| 008 | 120702s2011 mx a r 00010 spa d | ||
| 010 | _a103479 | ||
| 011 | _a104451 | ||
| 020 | _a9786074900729 | ||
| 035 | _a115141 | ||
| 040 | _cCHAP | ||
| 082 | 0 | 4 |
_a914.0444361 _bO15 |
| 100 | 1 |
_aOcampo, Melchor _982617 |
|
| 245 | 1 | 0 |
_aViaje de un mexicano a Europa _c/por Melchor Ocampo |
| 260 |
_aToluca, Edo. de Méx. : _bInstituto Mexiquense de Cultura, _c2010 |
||
| 300 |
_axvi, 106 p. : _bils. |
||
| 490 | 0 |
_aBiblioteca Mexiquense del Bicentenario. _pOjos de papel volando |
|
| 590 |
_aBATCH-UPD _b10 _c20130110 _lUCH01 _h1844 |
||
| 590 |
_aBATCH-UPD _b10 _c20130410 _lUCH01 _h1035 |
||
| 590 |
_aBATCH-UPD _b10 _c20130914 _lUCH01 _h1333 |
||
| 590 |
_aCONVERSION _b10 _c20130109 _lUCH01 _h1357 |
||
| 650 | 1 | 4 |
_aEuropa _xDescripción y viaje. _938867 |
| 650 | 1 | 4 |
_aFrancia _xDescripción y viaje. _942908 |
| 830 | 0 |
_aBiblioteca Mexiquense del Bicentenario. _pOjos de papel volando _912438 |
|
| 901 | _aBK | ||
| 942 | _cLIBRO | ||
| 949 |
_a914.0444361 O15 _bBC _cLIBRO _d33724002322850 _eLIBRO _h117214 _i115141 _sb |
||
| 999 |
_c103479 _d103479 |
||